[Event "4NCL Division 4 South"]
[Site "Bedford, ENG"]
[Date "2019.01.13"]
[Round "4.14"]
[White "Nelson, Omowale"]
[Black "De Coverly, Roger D"]
[Result "1-0"]
[WhiteElo "2027"]
[BlackElo "1938"]
[PlyCount "93"]
[EventDate "2019.01.13"]
[WhiteTeam "Watford 1"]
[BlackTeam "Wessex B"]

1. d4 Nf6 2. c4 e6 3. g3 d5 4. Nf3 c5 5. Bg2 Nc6 6. dxc5 Bxc5 7. O-O O-O 8. a3
dxc4 9. Qc2 Bd7 10. Qxc4 Bb6 11. Nc3 Na5 12. Qh4 Nb3 13. Rb1 Nxc1 14. Rbxc1 Bc6
15. Rfd1 Qe7 16. e4 Rfe8 17. Ne5 Rac8 18. Nxc6 bxc6 19. Na4 e5 20. Nxb6 axb6
21. Qg5 h6 22. Qe3 c5 23. Bf1 Red8 24. f3 Rxd1 25. Rxd1 Rd8 26. Rxd8+ Qxd8 27.
Kf2 Kf8 28. Qc3 Qd4+ 29. Qxd4 exd4 30. Bc4 Ke7 31. Ke2 Nd7 32. f4 g5 33. Kf3
gxf4 34. gxf4 Nf6 35. e5 Ne8 36. Ke4 Nc7 37. a4 f6 38. Kf5 fxe5 39. fxe5 h5 40.
h4 Ne8 41. Kg6 Nc7 42. Kxh5 Ne6 43. Kg4 Nd8 44. Kf5 Nc6 45. h5 Kf8 46. h6 Nb4
47. Kg6 1-0

[Event "4NCL Division 4 South"]
[Site "Bedford, ENG"]
[Date "2019.01.13"]
[Round "4.15"]
[White "Pentakota, Rajasekhar"]
[Black "Luberto, Michael"]
[Result "1-0"]
[WhiteElo "1937"]
[BlackElo "1900"]
[PlyCount "79"]
[EventDate "2019.01.13"]
[WhiteTeam "Wessex B"]
[BlackTeam "Watford 1"]

1. d4 Nf6 2. c4 g6 3. Nc3 Bg7 4. e4 d6 5. f3 O-O 6. Be3 Nc6 7. Bd3 e5 8. Nge2
Nh5 9. Bc2 f5 10. d5 fxe4 11. dxc6 exf3 12. Qd5+ Kh8 13. gxf3 bxc6 14. Qxc6 Bd7
15. Qd5 c6 16. Qxd6 Rxf3 17. O-O-O Rxe3 18. Qxd7 Qg5 19. Kb1 Nf4 20. Nxf4 exf4
21. Qxc6 Rb8 22. Rd5 Qe7 23. Na4 Re1+ 24. Rxe1 Qxe1+ 25. Rd1 Qe5 26. Bb3 Rf8
27. Qf3 g5 28. h3 Qf5+ 29. Bc2 Qe6 30. Qh5 Bh6 31. Nc5 Qc6 32. Be4 Qxc5 33.
Qxh6 Qe7 34. Bc2 f3 35. Rf1 f2 36. Bd3 Rf4 37. Kc2 a5 38. Qb6 Qf7 39. Qxa5
Rxc4+ 40. Bxc4 1-0

[Event "4NCL Division 4 South"]
[Site "Bedford, ENG"]
[Date "2019.01.13"]
[Round "4.16"]
[White "Dunlop, Neil J"]
[Black "Gregory, Keith D F"]
[Result "1/2-1/2"]
[WhiteElo "1900"]
[BlackElo "1972"]
[PlyCount "74"]
[EventDate "2019.01.13"]
[WhiteTeam "Watford 1"]
[BlackTeam "Wessex B"]

1. d4 d6 2. c4 e5 3. dxe5 dxe5 4. Qxd8+ Kxd8 5. Nc3 c6 6. f3 Be6 7. e4 Kc7 8.
Bd2 Nd7 9. O-O-O a5 10. a4 Nc5 11. Kc2 Nf6 12. g3 Nfd7 13. Nh3 f6 14. b3 h5 15.
Nf2 h4 16. g4 g5 17. Be3 Be7 18. Be2 Na6 19. Na2 Bc5 20. Bxc5 Ndxc5 21. Rd2 Rh7
22. Rhd1 Rd7 23. Nd3 Rad8 24. Nxc5 Nxc5 25. Rxd7+ Rxd7 26. Rxd7+ Bxd7 27. Bd1
Kb6 28. Kc3 Ne6 29. Nc1 Kc5 30. Nd3+ Kd6 31. Ne1 b5 32. Nc2 bxa4 33. bxa4 Kc5
34. Na1 Nd4 35. Nb3+ Nxb3 36. Bxb3 Be6 37. Ba2 Bf7 1/2-1/2

[Event "4NCL Division 4 South"]
[Site "Bedford, ENG"]
[Date "2019.01.13"]
[Round "4.21"]
[White "Pink, Joshua"]
[Black "Mateu Guiu, Esteve"]
[Result "0-1"]
[WhiteElo "1982"]
[BlackElo "2080"]
[PlyCount "82"]
[EventDate "2019.01.13"]
[WhiteTeam "Throw in the Tal"]
[BlackTeam "Ashfield 1"]

1. d4 Nf6 2. c4 c5 3. d5 e6 4. Nc3 exd5 5. cxd5 d6 6. e4 g6 7. f4 Bg7 8. Bb5+
Nfd7 9. Nf3 a6 10. Bd3 b5 11. O-O O-O 12. e5 c4 13. Bc2 dxe5 14. f5 Nc5 15. Bg5
Qd6 16. Nh4 Nbd7 17. Qd2 Bb7 18. Rad1 Nf6 19. fxg6 fxg6 20. Bh6 b4 21. Bxg7
Kxg7 22. Qg5 Qb6 23. Kh1 Nfd7 24. Qe7+ Kg8 25. Ne4 Rae8 26. Rxf8+ Rxf8 27. Ng5
Nf6 28. Rf1 Ncd7 29. Qe6+ Kg7 30. Qe7+ Kg8 31. d6 Bd5 32. Nxh7 Nxh7 33. Rxf8+
Nhxf8 34. Bxg6 Qf2 35. h3 Nxg6 36. Qxd7 Nxh4 37. Qg4+ Kh7 38. Qh5+ Kg8 39. Qg4+
Kf7 40. Qd7+ Kg6 41. Qe8+ Bf7 0-1

[Event "4NCL Division 4 South"]
[Site "Bedford, ENG"]
[Date "2019.01.13"]
[Round "4.22"]
[White "Combie, Alex B"]
[Black "Ireland, David J"]
[Result "1/2-1/2"]
[WhiteElo "2020"]
[BlackElo "1997"]
[PlyCount "80"]
[EventDate "2019.01.13"]
[WhiteTeam "Ashfield 1"]
[BlackTeam "Throw in the Tal"]

1. d4 Nf6 2. c4 c5 3. d5 b5 4. cxb5 a6 5. bxa6 g6 6. Nc3 Bxa6 7. e4 Bxf1 8.
Kxf1 d6 9. g3 Bg7 10. Kg2 O-O 11. Nf3 Nbd7 12. a4 Ng4 13. Bd2 Qb6 14. Qe2 c4
15. h3 Nge5 16. Nxe5 Nxe5 17. Nb5 Nd3 18. Bc3 Bxc3 19. bxc3 Qc5 20. Nd4 Rfb8
21. Rhb1 h5 22. Nc6 Rxb1 23. Rxb1 Rxa4 24. Nxe7+ Kg7 25. Nc6 Qa3 26. e5 dxe5
27. Nxe5 Qxc3 28. Nxf7 Qd4 29. Ng5 Qxd5+ 30. Qf3 Qxf3+ 31. Nxf3 c3 32. Ne1
Nxe1+ 33. Rxe1 Rc4 34. Kf3 Kf6 35. Ke3 Kf5 36. Kd3 Rc8 37. Rc1 h4 38. gxh4 Rh8
39. Rxc3 Rxh4 40. Ke2 g5 1/2-1/2

[Event "4NCL Division 4 South"]
[Site "Bedford, ENG"]
[Date "2019.01.13"]
[Round "4.23"]
[White "Goodwin, Ed H"]
[Black "Garnett, John S"]
[Result "1/2-1/2"]
[WhiteElo "1855"]
[BlackElo "1990"]
[PlyCount "56"]
[EventDate "2019.01.13"]
[WhiteTeam "Throw in the Tal"]
[BlackTeam "Ashfield 1"]

1. d4 Nf6 2. Bf4 d5 3. e3 c5 4. c3 Nc6 5. Bd3 cxd4 6. exd4 g6 7. Nd2 Bg7 8.
Ngf3 O-O 9. O-O Nh5 10. Bg5 Qc7 11. Re1 e5 12. dxe5 Nxe5 13. Nxe5 Bxe5 14. Nf3
Bg7 15. Qb3 Be6 16. Nd4 h6 17. Bd2 Nf4 18. Bf1 Rad8 19. Rad1 Bg4 20. f3 Bc8 21.
Be3 a6 22. Ne2 Nxe2+ 23. Bxe2 b5 24. Bf2 Be6 25. Qb4 Rfe8 26. Bf1 Kh7 27. Bg3
Qa7+ 28. Bf2 Qc7 1/2-1/2

[Event "4NCL Division 4 South"]
[Site "Bedford, ENG"]
[Date "2019.01.13"]
[Round "4.24"]
[White "Naylor, Michael A"]
[Black "Graff, Ben"]
[Result "1/2-1/2"]
[WhiteElo "1990"]
[BlackElo "1825"]
[PlyCount "57"]
[EventDate "2019.01.13"]
[WhiteTeam "Ashfield 1"]
[BlackTeam "Throw in the Tal"]

1. e4 Nc6 2. Nf3 d6 3. d4 Nf6 4. Nc3 Bg4 5. Be3 e6 6. Be2 d5 7. e5 Nd7 8. a3
Be7 9. Qd2 a6 10. O-O Nb6 11. b3 Qd7 12. Ng5 Bxe2 13. Nxe2 f6 14. Nf3 O-O 15.
Rfe1 fxe5 16. Nxe5 Nxe5 17. dxe5 c5 18. Qa5 Qc6 19. f3 d4 20. Bf2 Bd8 21. Qd2
Bc7 22. c3 Bxe5 23. cxd4 Rad8 24. Rac1 Qd6 25. Qg5 cxd4 26. f4 Bf6 27. Qg4 e5
28. Ng3 Nd7 29. Ne4 1/2-1/2

[Event "4NCL Division 4 South"]
[Site "Bedford, ENG"]
[Date "2019.01.13"]
[Round "4.25"]
[White "Price, Andrew"]
[Black "Walker, Andrew N"]
[Result "1/2-1/2"]
[WhiteElo "1810"]
[BlackElo "1952"]
[PlyCount "48"]
[EventDate "2019.01.13"]
[WhiteTeam "Throw in the Tal"]
[BlackTeam "Ashfield 1"]

1. e4 e5 2. Nc3 Nf6 3. f4 d5 4. fxe5 Nxe4 5. d3 Bb4 6. Nge2 Nxc3 7. bxc3 Be7 8.
Bf4 O-O 9. Qd2 c6 10. d4 f6 11. exf6 Bxf6 12. Nc1 Bg4 13. Be2 Bxe2 14. Nxe2 Nd7
15. O-O Nb6 16. Rab1 Nc4 17. Qd3 b6 18. Rf3 Rf7 19. Rbf1 Qe7 20. Ng3 Raf8 21.
Nf5 Qe6 22. Bd2 Qe4 23. Be3 Nxe3 24. Nxe3 Qxd3 1/2-1/2

[Event "4NCL Division 4 South"]
[Site "Bedford, ENG"]
[Date "2019.01.13"]
[Round "4.26"]
[White "Truman, Richard G"]
[Black "Woolgar, Steven G"]
[Result "1-0"]
[WhiteElo "1952"]
[BlackElo "1727"]
[PlyCount "77"]
[EventDate "2019.01.13"]
[WhiteTeam "Ashfield 1"]
[BlackTeam "Throw in the Tal"]

1. d4 Nf6 2. c4 e6 3. Nc3 Bb4 4. e3 b6 5. Nge2 Bb7 6. a3 Bxc3+ 7. Nxc3 d5 8.
cxd5 exd5 9. Bd3 O-O 10. b4 Nbd7 11. Rb1 a5 12. b5 Ne4 13. Qc2 Ndf6 14. O-O Rc8
15. f3 Nxc3 16. Qxc3 c5 17. dxc5 Rxc5 18. Qd4 Re8 19. Bb2 Qe7 20. Rbe1 h5 21.
Qh4 Qe6 22. Bd4 Rc7 23. Qg5 Rce7 24. e4 Ba8 25. e5 Nd7 26. Qxh5 g6 27. Qg5 Nc5
28. Bc2 Kg7 29. f4 Rh8 30. f5 Rh5 31. Qxh5 gxh5 32. fxe6 Rxe6 33. Rf6 Bb7 34.
Rxe6 fxe6 35. Rf1 Bc8 36. Rf6 Bd7 37. a4 Bc8 38. Bxc5 bxc5 39. b6 1-0

[Event "4NCL Division 4 South"]
[Site "Bedford, ENG"]
[Date "2019.01.13"]
[Round "4.31"]
[White "Wilks, Simon"]
[Black "Cooksey, Paul S"]
[Result "0-1"]
[WhiteElo "2102"]
[BlackElo "2278"]
[PlyCount "174"]
[EventDate "2019.01.13"]
[WhiteTeam "All Anands on Deck"]
[BlackTeam "Crowthorne 1"]

1. e4 c5 2. Nf3 e6 3. d3 Nc6 4. g3 d6 5. Bg2 Nf6 6. Qe2 Qc7 7. c3 Be7 8. O-O
O-O 9. Nbd2 b6 10. a3 Bb7 11. Re1 Rfe8 12. Nh4 d5 13. e5 Nd7 14. Nhf3 b5 15. d4
cxd4 16. cxd4 Qb6 17. Nb3 a5 18. Be3 a4 19. Nc1 Ba6 20. Qd1 Rec8 21. Na2 Na5
22. Nd2 Nb8 23. Nc3 Nbc6 24. Qg4 Qd8 25. h4 Rcb8 26. Bf1 Bf8 27. Rec1 Ne7 28.
Rab1 Nf5 29. Bd3 g6 30. h5 b4 31. Bxa6 bxc3 32. bxc3 Rxb1 33. Nxb1 Rb8 34. hxg6
hxg6 35. Bd3 Nc4 36. Bg5 Qc7 37. Bf6 Rb2 38. Re1 Qb6 39. Bxc4 Rxb1 40. Rxb1
Qxb1+ 41. Bf1 Qb3 42. Qh3 Ng7 43. g4 Qxa3 44. Qd3 Ne8 45. Bg5 Qb3 46. Qb5 Qxb5
47. Bxb5 a3 48. Bc1 Nc7 49. Bc6 Kg7 50. Kg2 g5 51. Kf3 f6 52. Ke2 fxe5 53. dxe5
Na6 54. Bb5 a2 55. Bb2 Nc5 56. Kd1 Kf7 57. Kc2 Be7 58. f3 Bd8 59. Ba1 Bc7 60.
c4 dxc4 61. Bxc4 Nd7 62. Be2 Bxe5 63. Bxe5 Nxe5 64. Kb2 Kf6 65. Kxa2 Nc6 66.
Kb2 Ke5 67. Kc3 Kf4 68. Ba6 e5 69. Kd2 Nd4 70. Ke1 Nxf3+ 71. Kf2 Nh2 72. Ke2
Nxg4 73. Bb7 Nh6 74. Bc6 Nf5 75. Bd7 Nd4+ 76. Kf2 g4 77. Bc8 g3+ 78. Kg2 e4 79.
Kf1 Kf3 80. Bh3 e3 81. Bg2+ Kf4 82. Ke1 Nf3+ 83. Kf1 Nh4 84. Bh1 Ke5 85. Bb7
Kd4 86. Ba6 g2+ 87. Kg1 Kc3 0-1

[Event "4NCL Division 4 South"]
[Site "Bedford, ENG"]
[Date "2019.01.13"]
[Round "4.32"]
[White "Webb, Richard M"]
[Black "Penna, Tommaso"]
[Result "1/2-1/2"]
[WhiteElo "2206"]
[BlackElo "2006"]
[PlyCount "74"]
[EventDate "2019.01.13"]
[WhiteTeam "Crowthorne 1"]
[BlackTeam "All Anands on Deck"]

1. e4 e5 2. Nf3 Nc6 3. Bb5 a6 4. Bxc6 dxc6 5. O-O f6 6. d4 exd4 7. Nxd4 c5 8.
Nb3 Qxd1 9. Rxd1 Bg4 10. f3 Be6 11. Bf4 c4 12. Nd4 O-O-O 13. Nc3 Bf7 14. Nf5
Ne7 15. Rxd8+ Kxd8 16. Rd1+ Kc8 17. Nxe7+ Bxe7 18. Nd5 Bc5+ 19. Be3 Bxd5 20.
Bxc5 Bc6 21. Kf2 Ba4 22. Rd2 Rd8 23. Rxd8+ Kxd8 24. c3 Kd7 25. g4 Ke6 26. h4 b6
27. Be3 Bc2 28. Bf4 c6 29. Bc7 b5 30. Ke3 Bd1 31. Bd8 Kd7 32. Bb6 Ke6 33. g5 f5
34. h5 fxe4 35. Kxe4 Bc2+ 36. Kf4 Kd5 37. a3 g6 1/2-1/2

[Event "4NCL Division 4 South"]
[Site "Bedford, ENG"]
[Date "2019.01.13"]
[Round "4.33"]
[White "Jones, Tibor"]
[Black "Coates, Kenneth G"]
[Result "1-0"]
[WhiteElo "1945"]
[BlackElo "2071"]
[PlyCount "101"]
[EventDate "2019.01.13"]
[WhiteTeam "All Anands on Deck"]
[BlackTeam "Crowthorne 1"]

1. d4 d5 2. c4 c6 3. Nf3 Nf6 4. Nc3 dxc4 5. a4 Bf5 6. Ne5 Nbd7 7. Nxc4 Qc7 8.
g3 e5 9. dxe5 Nxe5 10. Bf4 Nfd7 11. Bg2 f6 12. O-O Rd8 13. Qc1 Be7 14. Rd1 O-O
15. a5 Be6 16. Nxe5 fxe5 17. Be3 Nc5 18. Rxd8 Rxd8 19. Bxc5 Bxc5 20. Ne4 Be7
21. Ng5 Bxg5 22. Qxg5 a6 23. h4 Rd4 24. Qe3 Qd6 25. Ra3 Bd5 26. Bf3 Rb4 27. Qd2
$11 Rd4 28. Qe3 c5 29. Bxd5+ Qxd5 30. Kh2 Rd1 31. f3 c4 32. b3 Rb1 33. bxc4 Qd1
34. Kh3 h5 35. Qf2 Qh1+ 36. Qh2 Qc1 37. Rd3 Qxc4 38. Qf2 Rb2 39. Qe3 Qe6+ 40.
g4 hxg4+ 41. fxg4 e4 42. Rd8+ Kh7 43. Qg5 Rb5 44. Qf4 Rxa5 45. Qf8 Rd5 46. Qh8+
Kg6 47. h5+ Kg5 48. Rxd5+ Qxd5 49. Qxg7+ Kf4 50. Qh6+ Qg5 51. e3+ 1-0

[Event "4NCL Division 4 South"]
[Site "Bedford, ENG"]
[Date "2019.01.13"]
[Round "4.34"]
[White "Purdon, Colin"]
[Black "Perez Fadon, Andres"]
[Result "1-0"]
[WhiteElo "2050"]
[BlackElo "1742"]
[PlyCount "85"]
[EventDate "2019.01.13"]
[WhiteTeam "Crowthorne 1"]
[BlackTeam "All Anands on Deck"]

1. d4 d5 2. c4 e6 3. Nc3 Nf6 4. Nf3 Be7 5. Bf4 c6 6. e3 O-O 7. Qc2 Nbd7 8. h3
Re8 9. cxd5 exd5 10. Bd3 Nf8 11. O-O Ne6 12. Bh2 g6 13. Ne5 Ng7 14. g4 h5 15.
f3 Bd6 16. Kg2 Bxe5 17. Bxe5 Nd7 18. Bxg7 Kxg7 19. Qf2 Nf6 20. Rae1 Be6 21. Ne2
Qd7 $11 22. Nf4 hxg4 23. hxg4 Rh8 24. Rh1 Rae8 25. g5 Nh7 26. Nxe6+ Qxe6 27.
Qh4 f5 28. Qg3 Re7 29. Rh6 a6 30. f4 Kg8 31. Qh3 Rg7 32. Kf2 Qd7 33. Rh1 Qe7
34. Qf3 Qb4 35. Qe2 Qb6 36. Qc2 Qb4 37. a3 Qe7 38. b4 Kf8 39. Bxf5 gxf5 40. g6
Qe4 41. Qxe4 dxe4 42. R1h5 b5 43. gxh7 1-0

[Event "4NCL Division 4 South"]
[Site "Bedford, ENG"]
[Date "2019.01.13"]
[Round "4.35"]
[White "Stamatopoulos, Apostolos"]
[Black "Duckers, Harvey L"]
[Result "0-1"]
[WhiteElo "1800"]
[BlackElo "1967"]
[PlyCount "90"]
[EventDate "2019.01.13"]
[WhiteTeam "All Anands on Deck"]
[BlackTeam "Crowthorne 1"]

1. d4 d6 2. Nf3 g6 3. c4 Bg7 4. Nc3 Nd7 5. h3 e5 6. Bg5 f6 7. Bh4 Nh6 8. Bg3
O-O 9. e3 Nf7 10. Be2 a5 11. a3 c6 12. b4 axb4 13. axb4 Rxa1 14. Qxa1 f5 15.
O-O e4 16. Nd2 h5 17. c5 d5 18. b5 h4 19. Bh2 Qf6 20. Rc1 Bh6 21. bxc6 bxc6 22.
Ba6 f4 23. Bxc8 Rxc8 24. Qa6 Rf8 25. exf4 Nd8 26. Ne2 g5 27. g3 gxf4 28. gxf4
Kh8 29. Kh1 Qf5 30. Qa3 Nf6 31. Rg1 Ne6 32. Qe3 Ng7 33. Qb3 Qh5 34. f3 Re8 35.
Rg2 e3 36. Nf1 Qxf3 37. Kg1 Nf5 38. Qb7 Rg8 39. Bg3 Ne4 40. Qxc6 hxg3 41. Qe6
Qf2+ 42. Rxf2 exf2+ 43. Kg2 Nh4+ 44. Kh1 g2+ 45. Kh2 g1=Q+ 0-1

[Event "4NCL Division 4 South"]
[Site "Bedford, ENG"]
[Date "2019.01.13"]
[Round "4.36"]
[White "Tart, Peter K"]
[Black "Stamatopoulos, Georgios"]
[Result "1-0"]
[WhiteElo "1946"]
[BlackElo "1370"]
[PlyCount "53"]
[EventDate "2019.01.13"]
[WhiteTeam "Crowthorne 1"]
[BlackTeam "All Anands on Deck"]

1. e4 c5 2. Nc3 Nc6 3. Bb5 Nd4 4. Bc4 e6 5. Nge2 Ne7 6. O-O Nec6 7. d3 a6 8.
Nxd4 Nxd4 9. Bb3 Be7 10. Qg4 O-O 11. Bh6 Bf6 12. Rae1 Kh8 13. Bd2 d6 14. f4 g6
15. e5 Bg7 16. Ne4 dxe5 17. fxe5 Bxe5 18. Ng5 Bf6 19. Qh4 h5 20. Rxf6 Qxf6 21.
Bf4 Qd8 22. Nxf7+ Rxf7 23. Qxd8+ Kh7 24. Be5 Kh6 25. h4 b5 26. Qh8+ Rh7 27.
Bg7# 1-0

[Event "4NCL Division 4 South"]
[Site "Bedford, ENG"]
[Date "2019.01.13"]
[Round "4.41"]
[White "Valentine, Brian J"]
[Black "Freeland, Alex"]
[Result "0-1"]
[WhiteElo "1961"]
[BlackElo "2036"]
[PlyCount "78"]
[EventDate "2019.01.13"]
[WhiteTeam "MK Phoenix 2"]
[BlackTeam "West is Best 3"]

1. e4 e6 2. d4 d5 3. Nc3 Nf6 4. e5 Nfd7 5. f4 c5 6. Nf3 Nc6 7. Be3 Be7 8. Qd2
a6 9. Be2 b5 10. a3 Bb7 11. O-O Rc8 12. Nd1 Na5 13. Nf2 O-O 14. Qd1 Nc4 15.
Bxc4 dxc4 16. c3 Nb6 17. Qe2 Nd5 18. Rad1 b4 19. Bd2 cxd4 20. Nxd4 bxa3 21.
bxa3 Bxa3 22. Ne4 Ne7 23. Rb1 Qd5 24. Ng3 Bc5 25. Be3 Rb8 26. Rfd1 Ba8 27. Ra1
Rb6 28. Ndf5 Bxe3+ 29. Nxe3 Qc5 30. Rd4 Bd5 31. Nxc4 Rb3 32. Ra5 Rb5 33. Rxb5
axb5 34. Ne3 Qxc3 35. Rd3 Qc5 36. Kf1 Ra8 37. Nxd5 Nxd5 38. Qf3 Ra1+ 39. Rd1
Rxd1+ 0-1

[Event "4NCL Division 4 South"]
[Site "Bedford, ENG"]
[Date "2019.01.13"]
[Round "4.42"]
[White "Stephens, John KF"]
[Black "Williamson, Kevin J"]
[Result "1-0"]
[WhiteElo "1963"]
[BlackElo "1867"]
[PlyCount "117"]
[EventDate "2019.01.13"]
[WhiteTeam "West is Best 3"]
[BlackTeam "MK Phoenix 2"]

1. e4 d6 2. d4 Nf6 3. Nc3 c6 4. Nf3 Bg4 5. h3 Bh5 6. a4 a5 7. Be3 e6 8. Be2 Be7
9. Nd2 Bxe2 10. Qxe2 O-O 11. O-O d5 12. e5 Nfd7 13. Qg4 f5 14. exf6 Rxf6 15.
Nf3 Rg6 16. Qh5 Nf6 17. Qe5 Ne8 18. Qh2 Bd6 19. Bf4 Bxf4 20. Qxf4 Qf6 21. Ne2
Nd7 22. Rfe1 Qf7 23. Rad1 Rf6 24. Qh4 Rh6 25. Qg3 Rg6 26. Qf4 Rf6 27. Qh2 Qf8
28. Rd3 Nd6 29. Ne5 Nb6 30. Ng4 Rf7 31. Ng3 Re8 32. b3 Nd7 33. Rde3 Rfe7 34. c3
Nf5 35. R3e2 Qf7 36. Nf1 h5 37. Ne5 Nxe5 38. Rxe5 Rf8 39. Qf4 Qg6 40. Nd2 Nd6
41. Qh4 Nf5 42. Qf4 Nd6 43. Qg5 Qxg5 44. Rxg5 Rf5 45. Re5 Ref7 46. Rgxf5 exf5
47. Kf1 Kf8 48. Ke2 g6 49. Ke3 Ne4 50. Nxe4 fxe4 51. Re6 Kg7 52. Re8 g5 53. c4
Rf8 54. Re5 dxc4 55. bxc4 Kg6 56. Rxa5 h4 57. Re5 Ra8 58. a5 Rf8 59. Rxe4 1-0

[Event "4NCL Division 4 South"]
[Site "Bedford, ENG"]
[Date "2019.01.13"]
[Round "4.43"]
[White "Meichel, Eric B"]
[Black "Davies, Matthew"]
[Result "1/2-1/2"]
[WhiteElo "1937"]
[BlackElo "1945"]
[PlyCount "56"]
[EventDate "2019.01.13"]
[WhiteTeam "MK Phoenix 2"]
[BlackTeam "West is Best 3"]

1. d4 d5 2. c4 c6 3. Nf3 Nf6 4. e3 Bf5 5. Qb3 Qc7 6. Nc3 e6 7. g3 Nbd7 8. Bg2
Be7 9. O-O h6 10. cxd5 exd5 11. Bd2 O-O 12. Rac1 Qb6 13. Qxb6 axb6 14. Nh4 Bd3
15. Rfe1 Rfe8 16. a3 b5 17. Nf3 b4 18. axb4 Bxb4 19. Ra1 Bd6 20. Bf1 Bxf1 21.
Kxf1 Nb6 22. b3 Ne4 23. Ke2 f6 24. Reb1 Kf7 25. Be1 Nxc3+ 26. Bxc3 Rxa1 27.
Rxa1 Ra8 28. Rxa8 Nxa8 1/2-1/2

[Event "4NCL Division 4 South"]
[Site "Bedford, ENG"]
[Date "2019.01.13"]
[Round "4.44"]
[White "Jukes, Sam"]
[Black "Obi, Marc On"]
[Result "1-0"]
[WhiteElo "1914"]
[BlackElo "1835"]
[PlyCount "111"]
[EventDate "2019.01.13"]
[WhiteTeam "West is Best 3"]
[BlackTeam "MK Phoenix 2"]

1. e4 c5 2. Nf3 d6 3. d4 cxd4 4. Qxd4 Nf6 5. Nc3 Nc6 6. Bb5 Bd7 7. Bxc6 Bxc6 8.
Bg5 e5 9. Qd3 Be7 10. Bxf6 gxf6 11. Nh4 Rg8 12. g3 Rg5 13. O-O Qb6 14. Nd5 Bxd5
15. Qxd5 Qc6 16. Rfd1 Qxd5 17. Rxd5 Rc8 18. c3 Rc5 19. Rad1 Rxd5 20. Rxd5 Kd7
21. Nf5 Ke6 22. c4 Rg8 23. Kf1 Rc8 24. b3 Bf8 25. Ke2 Rc5 26. g4 Kd7 27. Kd3
Kc6 28. b4 Rxd5+ 29. exd5+ Kc7 30. a4 b6 31. b5 Kb7 32. Kc3 a6 33. bxa6+ Kxa6
34. Kb4 e4 35. h3 Ka7 36. Kb5 Kb7 37. h4 Ka7 38. Kc6 Ka6 39. Nxd6 Ka5 40. Nb7+
Kb4 41. d6 Kxc4 42. d7 Be7 43. Kxb6 Kd3 44. a5 Ke2 45. a6 Kxf2 46. a7 e3 47.
a8=Q e2 48. Qa2 Kf1 49. Qc4 f5 50. Qf4+ Ke1 51. g5 Kd1 52. Qd4+ Ke1 53. Qe3 Kf1
54. Qxe7 f4 55. d8=Q f3 56. Qd3 1-0

[Event "4NCL Division 4 South"]
[Site "Bedford, ENG"]
[Date "2019.01.13"]
[Round "4.45"]
[White "Whiteside, Robert"]
[Black "Hurley, Jake"]
[Result "1/2-1/2"]
[WhiteElo "1809"]
[BlackElo "1929"]
[PlyCount "36"]
[EventDate "2019.01.13"]
[WhiteTeam "MK Phoenix 2"]
[BlackTeam "West is Best 3"]

1. e4 e6 2. d4 a6 3. c4 b5 4. cxb5 axb5 5. Bxb5 Bb7 6. Nc3 Bb4 7. Qe2 f5 8. Bd3
Nf6 9. f3 fxe4 10. fxe4 Bxc3+ 11. bxc3 Nxe4 12. Qh5+ g6 13. Qh3 Qf6 14. Nf3
Nxc3 15. Bg5 Qg7 16. Bh6 Qe7 17. Bg5 Qg7 18. Bh6 Qe7 1/2-1/2

[Event "4NCL Division 4 South"]
[Site "Bedford, ENG"]
[Date "2019.01.13"]
[Round "4.46"]
[White "Gregory, Andrew M"]
[Black "Miller, Max C"]
[Result "0-1"]
[WhiteElo "1951"]
[BlackElo "1697"]
[PlyCount "84"]
[EventDate "2019.01.13"]
[WhiteTeam "West is Best 3"]
[BlackTeam "MK Phoenix 2"]

1. b3 Nf6 2. Bb2 e6 3. Nf3 c5 4. d3 d5 5. Nbd2 b6 6. e3 Bb7 7. Be2 Bd6 8. c4
Nbd7 9. O-O O-O 10. d4 Rc8 11. Rc1 cxd4 12. exd4 Bf4 13. Rc2 dxc4 14. bxc4 Bc6
15. Ne5 Nxe5 16. dxe5 Nd7 17. Bf3 Bxe5 18. Bxc6 Rxc6 19. Bxe5 Nxe5 20. Qe2 Qd3
21. Qxd3 Nxd3 22. Rd1 Rfc8 23. a3 Ne5 24. f4 Ng4 25. Rc3 Kf8 26. Rd3 Ke7 27.
Ne4 Nf6 28. Nd6 Rxd6 29. Rxd6 Nd5 30. Rxe6+ fxe6 31. cxd5 Rd8 32. Rc1 Rxd5 33.
Rc3 Rc5 34. Rd3 a5 35. Kf2 Kf6 36. Kf3 b5 37. Rb3 a4 38. Rd3 Rc2 39. h4 Rb2 40.
g4 Rb3 41. Ke4 Rxd3 42. Kxd3 h5 0-1

[Event "4NCL Division 4 South"]
[Site "Bedford, ENG"]
[Date "2019.01.13"]
[Round "4.51"]
[White "Burke, Steven J"]
[Black "Hadi, Justin"]
[Result "1/2-1/2"]
[WhiteElo "1990"]
[BlackElo "1991"]
[PlyCount "35"]
[EventDate "2019.01.13"]
[WhiteTeam "Ashfield 2"]
[BlackTeam "Oxford 3"]

1. c4 f5 2. Nc3 Nf6 3. g3 g6 4. Bg2 Bg7 5. Rb1 a5 6. a3 Na6 7. b4 axb4 8. axb4
c6 9. e3 d5 10. cxd5 cxd5 11. Nge2 Nc7 12. O-O O-O 13. Na4 Ne6 14. Qb3 Bd7 15.
Nc5 Nxc5 16. bxc5 Bc6 17. Nd4 Qd7 18. d3 1/2-1/2

[Event "4NCL Division 4 South"]
[Site "Bedford, ENG"]
[Date "2019.01.13"]
[Round "4.52"]
[White "Foster, Cyril"]
[Black "Gogia, Armaan"]
[Result "1/2-1/2"]
[WhiteElo "1870"]
[BlackElo "1907"]
[PlyCount "90"]
[EventDate "2019.01.13"]
[WhiteTeam "Oxford 3"]
[BlackTeam "Ashfield 2"]

1. d4 Nf6 2. c4 g6 3. Nc3 Bg7 4. e4 d6 5. Nf3 O-O 6. Be2 e5 7. O-O Nc6 8. d5
Ne7 9. b4 a5 10. Ba3 Nd7 11. bxa5 h5 12. Bb4 Bh6 13. a4 f5 14. exf5 Nxf5 15.
Ne4 Nh4 16. c5 Rf4 17. Bd2 Rxe4 18. Bxh6 Nxc5 19. Qd2 Nxf3+ 20. Bxf3 Rd4 21.
Bg5 Qf8 22. Qc3 Rd3 23. Qc4 Rxf3 24. gxf3 Bh3 25. f4 Qf5 26. Ra3 Bxf1 27. Kxf1
Ne4 28. Qxc7 Rc8 29. Qxb7 Rc1+ 30. Kg2 Qg4+ 31. Rg3 Nxg3 32. hxg3 e4 33. Qb3
Qf5 34. Qb8+ Qf8 35. Qxf8+ Kxf8 36. Bd8 Rc8 37. Bb6 Ra8 38. Kf1 Kf7 39. Ke2 Kf6
40. Ke3 Kf5 41. Bc7 Ra7 42. Bb6 Rb7 43. Kd4 h4 44. gxh4 Kxf4 45. Kc4 Ke5
1/2-1/2

[Event "4NCL Division 4 South"]
[Site "Bedford, ENG"]
[Date "2019.01.13"]
[Round "4.53"]
[White "Flynn, David"]
[Black "Burrows, Nick"]
[Result "1/2-1/2"]
[WhiteElo "1892"]
[BlackElo "1916"]
[PlyCount "62"]
[EventDate "2019.01.13"]
[WhiteTeam "Ashfield 2"]
[BlackTeam "Oxford 3"]

1. e4 d5 2. exd5 Qxd5 3. Nc3 Qa5 4. d4 Nf6 5. Nf3 Bf5 6. Bc4 e6 7. Bd2 c6 8.
Nd5 Qd8 9. Nxf6+ gxf6 10. Bf4 Bd6 11. Bg3 Qe7 12. Qe2 Nd7 13. O-O-O O-O-O 14.
Rhe1 Rhe8 15. Nh4 Bg6 16. Nxg6 hxg6 17. Qf3 Bxg3 18. Qxg3 Qb4 19. Qb3 Qxb3 20.
Bxb3 Rh8 21. h3 b5 22. c3 f5 23. Bc2 Nf6 24. Bd3 Rh4 25. Bf1 Rhh8 26. g3 Rd6
27. Bg2 Rhd8 28. Kc2 Kc7 29. Bf3 a5 30. h4 a4 31. a3 Kb6 1/2-1/2

[Event "4NCL Division 4 South"]
[Site "Bedford, ENG"]
[Date "2019.01.13"]
[Round "4.54"]
[White "Terry, Sean"]
[Black "Graham, Neil"]
[Result "1/2-1/2"]
[WhiteElo "1916"]
[BlackElo "1810"]
[PlyCount "31"]
[EventDate "2019.01.13"]
[WhiteTeam "Oxford 3"]
[BlackTeam "Ashfield 2"]

1. e4 e5 2. Nf3 Nf6 3. Qe2 Nc6 4. c3 d5 5. d3 dxe4 6. dxe4 Bc5 7. Bg5 a6 8. b4
Be7 9. Na3 Be6 10. Rd1 Nd7 11. Bxe7 Qxe7 12. Nc4 O-O 13. Ne3 Rfe8 14. Nd5 Bxd5
15. exd5 Na7 16. Qe3 1/2-1/2

[Event "4NCL Division 4 South"]
[Site "Bedford, ENG"]
[Date "2019.01.13"]
[Round "4.55"]
[White "Hill, Maurice J"]
[Black "Cole, Graham"]
[Result "1/2-1/2"]
[WhiteElo "1802"]
[BlackElo "1834"]
[PlyCount "33"]
[EventDate "2019.01.13"]
[WhiteTeam "Ashfield 2"]
[BlackTeam "Oxford 3"]

1. g3 Nf6 2. Nf3 g6 3. Bg2 Bg7 4. c4 d6 5. O-O O-O 6. Nc3 e5 7. d3 h6 8. Rb1 a5
9. a3 Re8 10. Qc2 c6 11. e4 Na6 12. b4 axb4 13. axb4 Nc7 14. Re1 Bg4 15. b5 Ne6
16. Ne2 c5 17. Bb2 1/2-1/2